[Event "106th ch-GBR 2019"]
[Site "Torquay ENG"]
[Date "2019.07.28"]
[Round "2.1"]
[White "Palliser, Richard J D"]
[Black "Howell, David W L"]
[Result "1/2-1/2"]
[WhiteTitle "IM"]
[BlackTitle "GM"]
[WhiteElo "2399"]
[BlackElo "2697"]
[WhiteFideId "407372"]
[BlackFideId "410608"]
[EventDate "2019.07.27"]

1. d4 Nf6 2. c4 e6 3. Nc3 Bb4 4. f3 c5 5. d5 d6 6. e4 O-O 7. Ne2 a6 8. Ng3 b5 9.
Bf4 exd5 10. cxd5 c4 11. a4 Ba5 12. Be2 Qb6 13. Qd2 Nbd7 14. Be3 Nc5 15. Bd4
Nfd7 16. Nf5 Ne5 17. Ne7+ Kh8 18. Nc6 b4 19. Nd1 f5 20. Qg5 Bd7 21. Nxe5 dxe5
22. Bxe5 Rf7 23. Ne3 h6 24. Qf4 b3+ 25. Kf1 Bd2 26. Bd4 c3 27. bxc3 Qa5 28.
Qxh6+ Kg8 29. Nc4 b2 30. Rb1 gxh6 31. Nxa5 Nxa4 32. e5 Bb5 33. c4 Bxa5 34. cxb5
axb5 35. Bxb5 Bc3 36. Bxa4 Bxd4 37. e6 Rxa4 38. exf7+ Kxf7 39. Ke2 Ke7 40. Rhd1
Kd6 41. Rxd4 Rxd4 42. Rxb2 Rh4 43. Ke3 Rxh2 44. Kf4 Kxd5 45. Kxf5 h5 46. Rd2+
Kc5 47. Kf4 h4 48. Ke3 h3 49. gxh3 Rxh3 50. Ke4 Rh8 51. Rd5+ Kc6 52. f4 Re8+ 53.
Kd4 Re6 54. f5 Rd6 55. Rxd6+ Kxd6 56. f6 Ke6 57. Ke4 Kf7 58. Kd4 Kxf6 1/2-1/2

[Event "106th ch-GBR 2019"]
[Site "Torquay ENG"]
[Date "2019.07.28"]
[Round "2.8"]
[White "Haria, Ravi"]
[Black "Claridge-Hansen, William"]
[Result "1-0"]
[WhiteTitle "IM"]
[BlackTitle "FM"]
[WhiteElo "2430"]
[BlackElo "2297"]
[WhiteFideId "415820"]
[BlackFideId "422509"]
[EventDate "2019.07.27"]

1. e4 d5 2. exd5 Qxd5 3. Nc3 Qd6 4. d4 Nf6 5. Nf3 c6 6. Ne5 Nbd7 7. Nc4 Qc7 8.
Qf3 Nb6 9. Ne5 Be6 10. Bf4 Qc8 11. Rg1 g6 12. g4 Bg7 13. O-O-O O-O 14. h4 Nbd7
15. Be2 Nd5 16. Nxd5 Bxd5 17. Qe3 Nxe5 18. Bxe5 Qe6 19. f4 f6 20. f5 Qf7 21. Bf4
e5 22. dxe5 fxe5 23. Bh2 Kh8 24. Rdf1 Qe7 25. fxg6 hxg6 26. g5 e4 27. Kb1 Qb4
28. Rf6 Qb6 29. Qf4 Qd4 30. Rf1 Bg8 31. h5 Qd5 32. c4 Qd7 33. hxg6 Qh3 34. Qc1
Bxf6 35. gxf6 Rxf6 36. Be5 Rf8 37. Rxf6 1-0

[Event "106th ch-GBR 2019"]
[Site "Torquay ENG"]
[Date "2019.07.28"]
[Round "2.20"]
[White "Zapolskis, Antanas"]
[Black "Holland, Christopher"]
[Result "1-0"]
[WhiteTitle "IM"]
[WhiteElo "2290"]
[BlackElo "2143"]
[WhiteFideId "12800210"]
[BlackFideId "10700072"]
[EventDate "2019.07.27"]

1. e4 e6 2. d4 d5 3. Nd2 a6 4. Ngf3 c5 5. exd5 exd5 6. dxc5 Bxc5 7. Nb3 Ba7 8.
Bg5 Ne7 9. Qe2 Nc6 10. O-O-O O-O 11. Be3 Qc7 12. Bxa7 Nxa7 13. Qe5 Qxe5 14. Nxe5
f6 15. Nd3 Nb5 16. Nf4 Nc7 17. Bd3 b6 18. Rhe1 Rf7 19. c4 g6 20. Kb1 Kf8 21. c5
bxc5 22. Nxc5 a5 23. Bc2 Rb8 24. Bb3 Bf5+ 25. Ka1 Rb5 26. Rc1 g5 27. Ne2 Nc6 28.
Ba4 Rxc5 29. Rxc5 Nb4 30. Rec1 Ne6 31. Rxa5 Bd3 32. Rc8+ Kg7 33. Nc1 Bf1 34. a3
Nd3 35. Nxd3 Bxd3 36. Rxd5 Nf4 37. Rd7 Rxd7 38. Bxd7 Nxg2 39. Be6 Nf4 40. Bc4
Be4 41. Rg8+ Kh6 42. a4 Nh3 43. a5 Nxf2 44. a6 Ng4 45. h3 Nf2 46. Be6 f5 47. a7
f4 48. a8=Q Bxa8 49. Rxa8 Kh5 50. b4 Kh4 51. Ra3 h5 52. b5 Ne4 53. b6 Nd6 54.
Bd5 g4 55. hxg4 hxg4 56. b7 Nxb7 57. Bxb7 f3 58. Bxf3 gxf3 59. Rxf3 1-0

[Event "106th ch-GBR 2019"]
[Site "Torquay ENG"]
[Date "2019.07.29"]
[Round "3.21"]
[White "Taylor, Adam C"]
[Black "Yoon, Jacob D"]
[Result "1-0"]
[WhiteTitle "IM"]
[WhiteElo "2402"]
[BlackElo "1963"]
[WhiteFideId "424668"]
[BlackFideId "446076"]
[EventDate "2019.07.27"]

1. Nf3 d5 2. g3 c6 3. Bg2 Bg4 4. c4 Nd7 5. cxd5 cxd5 6. Qa4 Nf6 7. O-O e6 8. d3
Bd6 9. Bf4 Qe7 10. Nc3 a6 11. Ne5 Bxe5 12. Bxe5 O-O 13. Bxf6 Nxf6 14. e4 b5 15.
Qd4 e5 16. Nxd5 Nxd5 17. Qxd5 Rad8 18. Qc6 Qa7 19. Qc3 Rd4 20. Rfc1 Qd7 21. Bf1
f5 22. Qc7 fxe4 23. Qxd7 Rxd7 24. h3 Bf3 25. dxe4 Rd2 26. Rc5 Re8 27. a4 Rxb2
28. axb5 axb5 29. Bxb5 Rb8 30. Bd3 Rd2 31. Bc4+ Kh8 32. Rxe5 h5 33. Rf5 Bxe4 34.
Rxh5+ Bh7 35. Ra7 Rd6 36. Bd5 Rh6 37. Rxh6 gxh6 38. Ra8 Rxa8 39. Bxa8 Kg7 40.
Kg2 Kf6 41. Kf3 Kg5 42. h4+ Kf6 43. g4 Bc2 44. Be4 Bb3 45. Kf4 Bd1 46. g5+ hxg5+
47. hxg5+ Kg7 48. Ke5 Bg4 49. f4 Kf8 50. Kf6 Bc8 51. Bd5 1-0

[Event "106th ch-GBR 2019"]
[Site "Torquay ENG"]
[Date "2019.07.29"]
[Round "3.22"]
[White "Villiers, Thomas"]
[Black "Hand, Freddie"]
[Result "0-1"]
[WhiteTitle "CM"]
[WhiteElo "2218"]
[BlackElo "2142"]
[WhiteFideId "427209"]
[BlackFideId "436950"]
[EventDate "2019.07.27"]

1. e4 e5 2. Nc3 Nf6 3. Bc4 Nc6 4. d3 Na5 5. f4 Nxc4 6. dxc4 Bb4 7. Qd3 d6 8. Ne2
O-O 9. f5 Nd7 10. Qg3 f6 11. Be3 Nb6 12. b3 Bc5 13. Bxc5 dxc5 14. Rd1 Qe7 15.
Qe3 Bd7 16. O-O Bc6 17. Rd3 Rfd8 18. Rfd1 Rxd3 19. Rxd3 Nc8 20. Nd5 Bxd5 21.
Rxd5 b6 22. Qd2 Nd6 23. Rxc5 Rc8 24. Rc6 Rd8 25. Qd5+ Nf7 26. Qe6 Qb4 27. c3 Qa3
28. Rxc7 Rf8 29. Kf2 Qxa2 30. Rc8 Qxb3 31. Kf3 a5 32. h4 a4 33. g4 Qd1 34. g5
fxg5 35. hxg5 Rxc8 36. Qxc8+ Qd8 37. Qe6 Kf8 38. Kf2 a3 39. c5 Nxg5 40. Qc4 b5
41. Qxb5 a2 42. Qa6 Nxe4+ 43. Kf3 a1=Q 0-1

[Event "106th ch-GBR 2019"]
[Site "Torquay ENG"]
[Date "2019.07.30"]
[Round "4.17"]
[White "Merriman, John"]
[Black "Bates, Richard A"]
[Result "1/2-1/2"]
[BlackTitle "IM"]
[WhiteElo "2226"]
[BlackElo "2352"]
[WhiteFideId "402362"]
[BlackFideId "403555"]
[EventDate "2019.07.27"]

1. d4 Nf6 2. c4 e6 3. Nc3 Bb4 4. e3 b6 5. Ne2 Ne4 6. Bd2 Nxd2 7. Qxd2 O-O 8. a3
Be7 9. d5 d6 10. g3 e5 11. Bg2 Nd7 12. f4 Nc5 13. Rd1 exf4 14. exf4 Bg4 15. b4
Nd7 16. O-O Bxe2 17. Nxe2 Bf6 18. g4 g6 19. g5 Bg7 20. f5 gxf5 21. Rxf5 Ne5 22.
Qf4 Qe7 1/2-1/2

[Event "106th ch-GBR 2019"]
[Site "Torquay ENG"]
[Date "2019.08.03"]
[Round "8.18"]
[White "Holland, Christopher"]
[Black "Rocco, Federico"]
[Result "0-1"]
[WhiteElo "2143"]
[BlackElo "2157"]
[WhiteFideId "10700072"]
[BlackFideId "431362"]
[EventDate "2019.07.27"]

1. d4 Nf6 2. c4 e6 3. Nc3 Bb4 4. e3 O-O 5. Bd3 d5 6. Ne2 c5 7. a3 cxd4 8. axb4
dxc3 9. Qb3 Nc6 10. O-O Ne5 11. Rd1 Nfg4 12. h3 Nxf2 13. Kxf2 Qh4+ 14. Kg1 Nxd3
15. Rxd3 dxc4 0-1